000 00344nam a2200157Ia 4500
008 210210b xxu||||| |||| 00| 0 eng d
041 _aeng
082 _a872/118
100 _aBALAKRISHNA WARRIOR (M R)
245 _aPrachina keralam
260 _a
_b-
_c
650 _aPrachina
650 _akeralam
690 _aMalayalam
906 _a002515
999 _c124486
_d124486